Missing Word: Music & Movies (G) Quiz Stats

 Plays Quiz Updated Apr 20, 2016

Challenge
Share
Tweet
Embed
Score 0/26 Timer 02:00
0 Plays Today
Title 'G' Word % Correct
_____ Just Wanna Have FunGirls
99%
The Hunger _____Games
96.9%
Never _____ Give You UpGonna
95.3%
My Big Fat _____ WeddingGreek
94.7%
_____ Theft AutoGrand
92.8%
The _____ EscapeGreat
91.6%
Monty Python and the Holy _____Grail
89.9%
_____ Who's Coming to DinnerGuess
87.9%
Good _____ Miss MollyGolly
87.5%
We _____ Get Out of This PlaceGotta
87.2%
Any _____ SundayGiven
87.2%
_____ In a BottleGenie
86.8%
The Brothers _____Grimm
84%
Title 'G' Word % Correct
_____ of New YorkGangs
81.9%
_____ ShelterGimme
74.3%
_____ Two ShoesGoody
73.9%
_____ Riders in the SkyGhost
72%
Green Green _____ of HomeGrass
71.4%
_____ DaysGlory
68.9%
Heart of _____Glass
66.2%
The Iron _____Giant
62.1%
_____ of HeavenGates
54.4%
Love ____ (Where My Rosemary Goes)Grows
53.3%
_____ Up the CountryGoing
48.8%
21 _____Grams
38%
_____ of the FirefliesGrave
16.8%

Today's Daily Dose

You're not logged in!

Compare scores with friends on all Sporcle quizzes.
Join for Free
OR
Log In

You Might Also Like...

Show Comments

Extras

Top Quizzes Today


Score Distribution

Your Account Isn't Verified!

In order to create a playlist on Sporcle, you need to verify the email address you used during registration. Go to your Sporcle Settings to finish the process.

Report this User

Report this user for behavior that violates our Community Guidelines.

Details: